000 00503nam a2200181Ia 4500
003 GCL
008 140319s9999 xx 000 0 ara d
040 _aGCL /
_cGCL
082 0 4 _a797.25
_bم ا
100 1 _aاسامة كامل راتب
245 1 0 _aاسس تدريب كرة الماء /
_cاسامة كامل راتب
700 1 _aمحمود نبيه ناصف
300 _a157 ص
490 _a
650 0 4 _aالالعاب الرياضية
650 0 4 _aكرة الماء
942 _2ddc
_cBK
999 _c38813
_d38813